1369 1750 1578 1561 1467 1793 1151 1754 1095 1154 1638 1162 1439 1387 1017 1688 1835 1268 1451 1524 1325 1030 1868 1665 1194 1362 1680 1581 1172 1924 1940 1577 1050 1187 1674 1419 1028 1476 1234 1860 1961 1261 1748 1760 1810 1110 1295 1524 1532 1847 1422 1203 1715 1347 1821 1377 1430 1421 1481 1097 1864 1040 1895 1504 1275 1632 1615 1148 1515 1278 1702 1115 1295 1309 1717 1067 1615 1740 1673 1937 1594 1646 1403 1539 1289 1253 1473 1123 1906 1544 1840 1203 1720 1964 1185 1341 1468 1989 1782 BCNSPRNW ULIB Ver.6.0+V

เปลี่ยนเป็นภาษาไทย

Change to English
 แสดงรายละเอียดบรรณานุกรม
  กลับหน้าหลัก

Brief Record : Get Marc (ISO 2709) : E-mail record : QR code < ปิดหน้าต่าง
LEADER : 00000nam 2200000uu 4500
001    13399109521
003     ULIB
008    110404s2552||||th 000 0 tha d
020    9789749316474
060 04 WB310^bพ997ก 2552
110 1  สำนักงานคณะกรรมการสุขภาพแห่งชาติ
245 00 ก่อนวันผลัดใบ:หนังสือแสดงเจตนาการจากไปในวาระสุดท้าย /^c[บรรณาธิการ,ไพศาล ลิ้มสถิตย์,อภิราชย์ ขันธ์เสน]
250    พิมพ์ครั้งที่ 2
260    [กรุงเทพฯ] :^bสำนักงานคณะกรรมการสุขภาพแห่งชาติ,^c2552
300    163 หน้า :^bภาพประกอบ.
500 สร ุปผลการสัมมนาข้อเสนอแนะและแนวปฏิบัติสมาคมเพื่อการวิจัยสเต็มเซลล์นานาชาติ คำแปลปฏิญญาเฮลซิงกิว่าด้วยหลักการจริยธรรมในการวิจัยทางการแพทย์ในมนุษย์ บทความกฎหมาย กฎหมายข้อบังคับที่เกี่ยวข้อง
650  7 สเต็มเซลล์
700 0  อภิราชย์ ขันธ์เสน,^eบรรณาธิการ
700 0  ไพศาล ลิ้มสถิตย์,^eบรรณาธิการ
710 2  มหาวิทยาลัยธรรมศาสตร์. ^bคณะนิติศาสตร์.^bศูนย์กฎหมายสุขภาพและจริยศาสตร์
945    ^p0^l0^i025716
995    ทศพร
999 ^a ใช้งานได้ทุกระบบ
รายการนี้ยังไม่มีแท็ก
คุณยังไม่ได้ล็อกอิน คุณสามารถมีกิจกรรมร่วมกับเว็บไซต์ได้ แต่ต้องล็อกอินก่อน ::
  ล็อกอิน

รายการสื่อสารสนเทศ

ลำดับที่ ประเภท เลขเรียก/บาร์โค้ด สถานที่ สถานะ
- ไม่พบข้อมูล -

รายการใกล้เคียง
    หัวเรื่อง [สเต็มเซลล์]

BibComment


ยังไม่เคยถูกคอมเมนท์

คอมเมนท์ทรัพยากรรายการนี้
  คอมเมนท์: ก่อนวันผลัดใบหนัง..


 Copyright 2026. Bcnsprnw @Library